000
00326nam a22001457a 4500
008
221111b ||||| |||| 00| 0 eng d
020
_a
9780195052756
041
_a
eng
080
_a
521
082
_a
521 AVE
100
_a
19.1
101
_a
ASTRO
245
_a
PROCESS PATTERN IN EVOLUTION
_c
AVERS J CH
942
_2
udc
_c
BK
999
_c
58871
_d
58871